Words that End in "-esty" - Statistics

General Stats
  • This quiz has been taken 218 times
  • The average score is 3 of 10
Answer Stats
Answer % Correct
Zesty
64%
Testy
51%
Honesty
49%
Chesty
35%
Travesty
32%
Amnesty
31%
Majesty
31%
Modesty
23%
Dishonesty
16%
Immodesty
5%
No matching quizzes found
Score Distribution
Percent of People with Each Score
Percentile by Number Answered
Your Score History
You have not taken this quiz